00521nam a2200193 a 4500001001300000003000900013005001700022008004100039020001000080082001300090100002500103245002700128260005900155300000900214500003500223505002100258650002300279700002500302nice12345678IN_TiNIC20260116011437.0050524s1919 lona grp 000 0 eng  ac10000a229bFER aFerrar, William John aEarly Christian Books. aLondonbSociety for Promoting Christian Knowledgc1919 a108p aincludes index and biblioraphy2 aBiblio..., Index aApocryphal Gospels1 aFerrar, William John